Beabadoobee - Ripples - Statistics

General Stats
  • This quiz has been taken 42 times
  • The average score is 153 of 210
Answer Stats
Answer % Correct
a
100%
I
100%
the
100%
The
100%
be
95%
And
89%
and
89%
me
89%
So
89%
You
89%
you
89%
as
84%
As
84%
do
84%
hard
84%
I'm
84%
my
84%
on
84%
to
84%
twice
84%
When
84%
Work
84%
believe
79%
busy
79%
don't
79%
I'll
79%
it
79%
keepin'
79%
ripples
79%
That
79%
that
79%
your
79%
again
74%
alone
74%
been
74%
'Cause
74%
feel
74%
get
74%
I've
74%
make
74%
much
74%
now
74%
see
74%
Want
74%
between
68%
can
68%
choose
68%
feet
68%
fight
68%
long
68%
pick
68%
Please
68%
puttin'
68%
Six
68%
soon
68%
Stuck
68%
tell
68%
underground
68%
back
63%
But
63%
car
63%
clearer
63%
drive
63%
friends
63%
gone
63%
ground
63%
how
63%
let
63%
reflection
63%
right
63%
sure
63%
Then
63%
up
63%
water
63%
way
63%
we
63%
with
63%
you'll
63%
figure
58%
hide
58%
holding
58%
late
58%
Not
58%
of
58%
people
58%
Said
58%
through
58%
too
58%
afraid
53%
down
53%
far
53%
Feels
53%
guess
53%
pulled
53%
'til
53%
use
53%
wait
53%
well
53%
you'd
53%
drowned
47%
expression
47%
have
47%
hidin'
47%
loud
47%
might
47%
them
47%
What's
47%
anyways?
42%
can't
42%
reflections
42%
glistens
37%
I'd
37%
listen
37%
blame
32%
would
26%
No matching quizzes found
Score Distribution
Percent of People with Each Score
Percentile by Number Answered
Your Score History
You have not taken this quiz